|
|
|
|
| LEADER |
00000cam a2200000 7i4500 |
| 001 |
0000278383 |
| 005 |
20240403130431.0 |
| 006 |
a ### ### |
| 007 |
t |
| 008 |
211005t20192019enk eng |
| 020 |
|
|
|a 9780857837660
|
| 040 |
|
|
|a MBPJ
|b eng
|c MBPJ
|e rda
|
| 090 |
0 |
0 |
|a 641.3372
|b HOL
|
| 100 |
1 |
|
|a Holmes, Emilie ,
|e author
|
| 245 |
1 |
0 |
|a GOOD & PROPER TEA :
|b From leaf to cup, how to choose, brew and cook with tea
|c Emilie Holmes ; photography by Steven Joyce
|
| 246 |
1 |
0 |
|a Good and proper tea
|b From leaf to cup, how to choose, brew and cook with tea
|
| 264 |
|
0 |
|a London :
|b Kyle Books
|c 2019
|
| 264 |
|
0 |
|c ©2019
|
| 300 |
|
|
|a 191 pages ;
|c 24 cm.
|
| 336 |
|
|
|a text
|2 rdacontent
|
| 337 |
|
|
|a unmediated
|2 rdamedia
|
| 338 |
|
|
|a volume
|2 rdacarrier
|
| 650 |
|
0 |
|a Tea
|
| 700 |
1 |
|
|a Joyce, Steven ,
|e photographer
|
| 999 |
|
|
|a 00385244
|b BUKU
|c PINJAMAN
|e PERPUSTAKAAN KOMUNITI PETALING JAYA
|